00491nam a2200169Ia 4500008004100000040001900041041001200060082002000072100002200092245008500114250001300199260004200212300002400254504001900278650001000297850001400307131103s9999 xx 000 0 und d aLoreto College aEnglish aREFbLCBED/2778 aBartholomew, John 4aThe oxford school atlasb for India, Pakistan, Burma & Ceylon cJohn Bartholomew a19th ed. aLondonbOxford University Pressc1957 a64p.b ill.c 25cm. aIncludes index aAtlas aLCBED/REF